| 000 | 00631nam a2200181Ia 4500 | ||
|---|---|---|---|
| 008 | 100921s9999 xx 000 0 und d | ||
| 082 |
_b24227 _a891.463 थ 92 |
||
| 100 | _aसाठे शंकर भाऊ. | ||
| 245 | _aबाजी. | ||
| 260 |
_bपुणे विद्यार्थीगृह प्रकाशन,पुणे. _c1992 |
||
| 300 |
_a156 _bमॅजेस्टीक प्रकाशन,पुणे. |
||
| 365 | _b60 | ||
| 520 | _aललित-कादंबरी. | ||
| 630 | _aबाजी. | ||
| 650 | _aललित-कादंबरी. | ||
| 730 | _aबाजी. | ||
| 942 | _cBOOK | ||
| 999 |
_c773340 _d773337 |
||